Guten Tag, Herr Archimedes Unterhaltsame Mathematikaufgaben vom Altertum bis zur Gegenwart

Enregistré dans:
Détails bibliographiques
Auteur principal: Konforovič, Andrej Grigor`jevič
Autres auteurs: Dick, Galina
Format: Livre
Langue:allemand
Publié: Leipzig Fachbuchverlag 1986
Édition:1. Aufl.
Tags: Ajouter un tag
Pas de tags, Soyez le premier à ajouter un tag!

MARC

LEADER 00000nam a2200000 4500
001 c023608
005 20221220073800.6
041 0 |a ger 
044 |a DE 
245 1 0 |a Guten Tag, Herr Archimedes  |b Unterhaltsame Mathematikaufgaben vom Altertum bis zur Gegenwart  |c Andrej Grigor`jevič Konforovič ; [Z ukr. prel.] Galina Dick 
250 |a 1. Aufl. 
264 1 |a Leipzig  |b Fachbuchverlag  |c 1986 
300 |a 212 s. 
100 1 |a Konforovič, Andrej Grigor`jevič 
700 1 |a Dick, Galina